ბათუმის შოთა რუსთაველის სახელმწიფო უნივერსიტეტის ბიბლიოთეკა

Техника измерении при радиоприеме. (ბიბ.ჩანაწერი № 38730)

000 -LEADER
fixed length control field 00723nam a2200217Ia 4500
001 - CONTROL NUMBER
control field 5045
003 - CONTROL NUMBER IDENTIFIER
control field GE_BSU
008 - FIXED-LENGTH DATA ELEMENTS--GENERAL INFORMATION
fixed length control field 181216s||||||||xx |||||||||||||| ||und||
040 ## - CATALOGING SOURCE
Transcribing agency GE_BSU
080 ## - UNIVERSAL DECIMAL CLASSIFICATION NUMBER
Universal Decimal Classification number 621.396
100 ## - MAIN ENTRY--PERSONAL NAME
Personal name Роткевич,В. Роткевич,П.
245 ## - TITLE STATEMENT
Title Техника измерении при радиоприеме.
245 ## - TITLE STATEMENT
Statement of responsibility, etc. Под общей ред. И.А.Кнеллера.
250 ## - EDITION STATEMENT
Edition statement Перевод В.Б.Мороня и И.А.Кнеллера.
260 ## - PUBLICATION, DISTRIBUTION, ETC.
Place of publication, distribution, etc. М.
260 ## - PUBLICATION, DISTRIBUTION, ETC.
Name of publisher, distributor, etc. Связь.
260 ## - PUBLICATION, DISTRIBUTION, ETC.
Date of publication, distribution, etc. 1969.
300 ## - PHYSICAL DESCRIPTION
Extent 496 стр. с илл. 22 см. Библиогр.: стр. 491.
653 ## - INDEX TERM--UNCONTROLLED
Uncontrolled term Техника измерении при радиоприеме.
942 ## - ADDED ENTRY ELEMENTS (KOHA)
Koha item type წიგნი
ეგზემპლარები
Withdrawn status Lost status Damaged status Not for loan Date acquired Barcode Date last seen Price effective from Koha item type
        2018-12-17 11038 2018-12-17 2018-12-17 წიგნი